| 000 | 00755nam a22002055i 4500 | ||
|---|---|---|---|
| 001 | 164003 | ||
| 003 | ES-MaACL | ||
| 005 | 20230906212844.0 | ||
| 008 | 981211s1874 fr |||| | fre d | ||
| 040 |
_aCCPB | B _bspa _cCCPB | B |
||
| 100 | 1 |
_aRougemont, Frédéric de. _9132089 |
|
| 245 | 1 | 3 |
_aLa philosophie de l'histoire aux différents ages de l'humanité / _cpar Frédéric de Rougemont. |
| 260 |
_aParis : _bSandoz et Fischbacher, _c1874 ( _fTyp. de Ch. Meyrueis) |
||
| 300 |
_a2 v. ; _c24 cm. |
||
| 597 | 1 | _aAntep. | |
| 597 | 1 | _aT. I (XXXVIII, 467 p.) -- T. II (617 p.) | |
| 650 | 4 |
_aHistoria- _xFilosofía. _913380 |
|
| 752 |
_aFrancia - _dParís |
||
| 852 |
_aES-MaACL _jD-4837-4838 _z-- Enc. hol. _x-- T594: Precede al tit.: Les deux cités |
||
| 999 |
_c164003 _d164003 |
||